[Event "Barcelona Primavera CE op"]
[Site "Barcelona"]
[Date "2021.05.22"]
[Round "5"]
[White "Valdes Martin, Roger"]
[Black "Gallego Perez, Pau"]
[Result "1-0"]
[WhiteElo "1511"]
[BlackElo "1588"]
[PlyCount "65"]
[EventDate "2021.04.24"]
[EventType "swiss"]
[EventRounds "9"]
[EventCountry "ESP"]
[SourceTitle "EXT 2022"]
[Source "ChessBase"]
[SourceDate "2021.10.06"]
[SourceVersion "1"]
[SourceVersionDate "2021.10.06"]
[SourceQuality "1"]

1. e4 e5 2. Nf3 Nc6 3. Bc4 Bc5 4. c3 Nf6 5. d4 exd4 6. e5 d5 7. Bb5 Ne4 8. cxd4 Bb6 9. Nc3 0-0 10. h3 Be6 11. 0-0 Qe7 12. Re1 Ba5 13. Nxe4 Bxe1 14. Qxe1 Qb4 15. Nc3 Nxd4 16. Nxd4 Qxd4 17. Be3 Qb4 18. Qd2 Rad8 19. a3 Qb3 20. Bc5 c6 21. Bxf8 Kxf8 22. Bf1 d4 23. f4 Rd7 24. Ne4 Qd5 25. Nd6 c5 26. f5 Bxf5 27. Nxf5 Qxe5 28. Nh4 g6 29. Bc4 Kg8 30. Re1 Qg3 31. Nf3 a6 32. Qh6 b5 33. Re8# 1-0

[Event "Barcelona Amateurs 04"]
[Site "Barcelona"]
[Date "2021.04.05"]
[Round "1"]
[White "Febrero Perez, Lluis"]
[Black "Valdes Martin, Roger"]
[Result "1/2-1/2"]
[WhiteElo "1386"]
[BlackElo "1511"]
[PlyCount "50"]
[EventDate "2021.04.05"]
[EventType "tourn"]
[EventRounds "9"]
[EventCountry "ESP"]
[SourceTitle "EXT 2022"]
[Source "ChessBase"]
[SourceDate "2021.10.06"]
[SourceVersion "1"]
[SourceVersionDate "2021.10.06"]
[SourceQuality "1"]

1. e4 c5 2. Nf3 e6 3. Nc3 Nc6 4. d4 cxd4 5. Nxd4 Qc7 6. g3 Nf6 7. Bg2 a6 8. 0-0 Bc5 9. Be3 Nxd4 10. Bxd4 d6 11. Rc1 Bxd4 12. Qxd4 e5 13. Qb4 Bg4 14. Qa4+ Bd7 15. Qb3 Rd8 16. Nd5 Nxd5 17. exd5 0-0 18. f4 f6 19. c4 Qc5+ 20. Kh1 Rb8 21. Qc3 h5 22. h3 b5 23. b4 Qxc4 24. Qe3 Qd4 25. Qxd4 exd4 1/2-1/2